000 00733nam a2200205 a 4500
001 2030317
003 AM-YEHGA
005 20251118144044.0
008 250905s1962 le ||||||||||00||0|arm|d
040 _aAM-YEHGA
041 1 _aarm
_heng
100 1 _aՔազանծաքիս, Նիքոս,
_d1883-1957
245 1 0 _aՔրիստոս վերախաչուած :
_b[Վեպ] /
_cՆիքոս Քազանծաքիս ; Անգլ. թարգմ.՝ Սարգիս Աշճեան.
260 _aՊէյրութ :
_bԱ. հ.,
_c1962.
300 _a615 էջ
440 0 _aՄատենաշար «Այգ»-ի
_vթիւ 36
650 1 4 _aՀունական գրականություն
_xՎեպ
700 1 _aԱշճեան, Սարգիս
_eթարգմ.
_4trl
942 _2udc
_cBK
999 _c536859
_d536859